|
|
|
|
| LEADER |
00680nab a2200157 i 4500 |
| 001 |
misc4909 |
| 005 |
20191106142833.0 |
| 008 |
170607s1928 hu o 0|| hun d |
| 040 |
|
|
|a SZTE Miscellanea Repozitórium
|b hun
|
| 041 |
|
|
|a hun
|
| 245 |
0 |
0 |
|a Kötelezettség nélkül teljesitett [!teljesített] szolgáltatás a mérlegszerű nyereséghez hozzászámitandó [!hozzászámítandó]
|h [elektronikus dokumentum]
|
| 260 |
|
|
|c 1928
|
| 300 |
|
|
|a 25-26b
|
| 490 |
0 |
|
|a Polgári jog : a hazai és külföldi magánjog és hiteljog szemléje
|v 4 No. 1-2
|
| 695 |
|
|
|a Mérleg könyvvitel jogalkalmazás
|
| 856 |
4 |
0 |
|u http://misc.bibl.u-szeged.hu/4909/1/polgari_jog_1928_025-026b.pdf
|z Dokumentum-elérés
|